| 000 | 03250nam a22003137i 4500 | ||
|---|---|---|---|
| 001 | TCPA 39 | ||
| 003 | gtcocun | ||
| 005 | 20250911205312.0 | ||
| 006 | a||||gr|||| 00| 0 | ||
| 008 | 250911b2016 gt ||||| m||| 00| 0 eng d | ||
| 040 |
_agtcocun _bSPA _cgtcocun _eRDA |
||
| 041 | _aSPA | ||
| 084 | _0TCPA 39 | ||
| 100 |
_aSacbá Pacay, Claudet Maribel _eAutor |
||
| 245 |
_aInforme final del Ejercicio Profesional Supervisado, realizado en Frutos Escenciales de la Montaña Sociedad Anónima, Cobán, Alta Verapaz/ _cClaudet Maribel Sacbá Pacay _hImpreso |
||
| 264 |
_aCobán, Alta Verapaz: _bUniversidad de San Carlos de Guatemala, Centro Universitario del Norte, Licenciatura en Contaduría Pública y Auditoría. _c2016 |
||
| 300 |
_a45 p.: _bIlustraciones, gráficas. _c28 cm; PDF |
||
| 336 |
_2rdacontenido _aTexto _btxt |
||
| 337 |
_2rdamedio _aComputadora _bn |
||
| 338 |
_2rdasoporte _aCódigo en línea _bcr |
||
| 502 | _e. | ||
| 502 |
_aTesis de grado _bLicenciatura en Contaduría Pública y Auditoría. _cUniversidad de San Carlos de Guatemala, Centro Universitario del Norte, Licenciatura en Contaduría Pública y Auditoría. _d2016 _oTCPA 39 |
||
| 520 | 1 | 4 | _aLa Universidad de San Carlos de Guatemala, a través de la Carrera de Contaduría Pública y Auditoria en el Centro Universitario del Norte, permite la realización del Ejercicio Profesional Supervisado, donde se confronta la teoría con la práctica, previo a optar al título en el grado académico de Licenciatura. El Ejercicio Profesional Supervisado, fue realizado en las instalaciones de la empresa Frutos Esenciales de la Montaña, Sociedad Anónima, ubicada en la 18 avenida Lote 193 zona 9, de Cobán Alta Verapaz. El proceso se inició con la realización de un diagnóstico, en donde se aplicaron diferentes instrumentos de evaluación. A partir de la información recabada, se identificaron las deficiencias que permitieron establecer las intervenciones realizadas, correspondientes al ámbito, contable, financiero y de control interno en la empresa, que afectan el logro de los objetivos empresariales, tales como la desactualización de los registros contables, deficiencias de control en el área de inventarios y el desconocimiento de procedimientos contables. Previo a su ejecución también, se diseñó un plan de trabajo en el cual se establecieron los procedimientos a realizarse, posteriormente se ejecutó. Dentro de los productos obtenidos están, el desvanecimiento de las deficiencias encontradas e implementación de controles internos en el área de inventario y procedimientos contables. Como consecuencia de lo anterior, la empresa consideró las recomendaciones dadas en el Ejercicio Profesional Supervisado, de tal forma que se contribuyó al fortalecimiento de procesos y control que engloban las transacciones que se realizan dentro de la misma. |
| 650 | 1 | 4 |
_2LEMB _aCobán, Alta Verapaz _xregistros contables _xcontrol _xinventarios _xprocesos contables |
| 700 |
_aLic. Carlos Abraham Sierra Alvarado _eAsesor |
||
| 856 |
_uhttps://drive.google.com/file/d/19AEk0QlGi6UE6hxUZPPDl6XkcPr3Addf/view?usp=sharing _yPDF _zUn ejemplar en línea. |
||
| 942 |
_2ddc _cTES _iTCPA_39 _kClasificación _n0 _6TCPA__39 |
||
| 999 |
_c1807 _d1807 |
||